[Event "45th Olympiad 2024"]
[Site "Budapest HUN"]
[Date "2024.09.14"]
[Round "4.58"]
[Board "3"]
[White "Salih, Akar Ali Salih"]
[Black "Al Busaidi, Hamood"]
[Result "1-0"]
[WhiteElo "2174"]
[BlackElo "1881"]
[PlyCount "79"]
[EventDate "2024.09.11"]
[WhiteTeam "Iraq"]
[BlackTeam "Oman"]
[WhiteTeamCountry "IRQ"]
[BlackTeamCountry "OMN"]

1. e4 {Lukacs,Peter} c6 2. d4 d5 3. e5 Bf5 4. Nc3 e6 5. g4 Bg6 6. Nge2 c5 7. h4 h5 8. Nf4 Bh7 ({RR} 8... Nc6 9. Nxg6 fxg6 10. Ne2 Qb6 ({RR} 10... cxd4) 11. Nf4 cxd4 12. Bd3 ({RR} 12. Nxg6) 12... Nxe5 13. Nxg6 Nxg6 14. Bxg6+ Kd7 15. gxh5 Bb4+) 9. Nxh5 ({RR} 9. g5) 9... Nc6 ({RR} 9... cxd4) 10. dxc5 ({RR} 10. Bb5 cxd4 11. Qxd4 Nge7 12. Bh6 ({RR} 12. Bg5 a6 ({RR} 12... Bxc2 13. Rc1 Qd7) 13. Bxc6+ Nxc6 14. Qa4 ({RR} 14. Qd2 Qc7) ({RR} 14. Qf4 Qc7 15. O-O Bg6 16. Rfe1 Bxh5 17. gxh5 Rxh5) 14... b5 15. Qf4 Qc7 16. O-O ({RR} 16. O-O-O b4) 16... Bg6 17. Ng3 Qxe5 18. Qd2 Bc5) 12... Rg8 13. O-O-O a6 14. Bxc6+ Nxc6 15. Qf4 ({RR} 15. Qe3 Qa5) 15... Qa5 16. Qa4 ({RR} 16. Rhe1 Nb4 17. a3 Rc8 18. axb4 Qa1+ 19. Kd2 Qxb2) ({RR} 16. Kb1 Nb4 17. Rc1 Rc8 18. a3 Nxc2 19. Rxc2 Rxc3) 16... Qxa4 17. Nxa4 gxh6 18. Nf6+ Ke7 19. Nxh7 Nxe5 ({RR} 19... Rxg4 20. Nb6 Rd8 21. Nf6 Rf4 22. Ng8+ Ke8 23. Nf6+) 20. g5 Ng4) 10... a6 ({RR} 10... Bxc5 11. Bb5 ({RR} 11. Bd3 Bxd3 12. Qxd3 ({RR} 12. cxd3) 12... g6) ({RR} 11. Nxg7+ Kf8 12. Nh5 Qb6 ({RR} 12... d4 13. Na4 Be7 14. Bf4 b5 15. Bxb5 Qd5) 13. Rh2 Nxe5 14. f4) ({RR} 11. Bg2) 11... Qc7 ({RR} 11... Qb6 12. Bxc6+ ({RR} 12. Qe2 a6 ({RR} 12... Kf8 13. Na4) 13. Bxc6+ Qxc6 14. f3 Kf8) 12... bxc6 13. Qd2 ({RR} 13. Nxg7+ Kf8 14. Nh5 Bxf2+) 13... Bf8 14. Ng3) ({RR} 11... Kf8 12. Bxc6 bxc6 13. Na4 Be7 ({RR} 13... Be4 14. Rh3) 14. Be3 Bg6 15. Nf4 Be4 16. f3 ({RR} 16. Rh3 Qa5+ 17. c3 Rxh4 18. Rxh4 Bxh4 19. Nc5) 16... Qa5+ 17. c3 Rxh4 18. Rxh4 Bxh4+ 19. Bf2 Bxf2+ 20. Kxf2 Bh7 21. b4 Qb5 22. Nc5) 12. Bxc6+ ({RR} 12. Qe2 Kf8) 12... Qxc6 ({RR} 12... bxc6 13. f4 ({RR} 13. Nxg7+ Kf8 14. Nh5 Qxe5+ 15. Kf1) 13... Kf8 14. Ng3) 13. Qf3 ({RR} 13. Qe2 d4) ({RR} 13. Rh2 d4 14. Ne2 O-O-O) 13... O-O-O ({RR} 13... Kf8 14. Be3 ({RR} 14. Bd2 Bxc2 15. Rc1 Bh7) 14... Bb4 ({RR} 14... d4 15. Qxc6 bxc6 16. Na4 Be4 17. Rh3) 15. O-O Bxc3 16. bxc3 Bxc2 ({RR} 16... Qxc3 17. Nxg7 Qc6 18. Nh5) 17. Qf4 ({RR} 17. Bc1 Ne7) 17... Ne7 18. Qb4 a5 19. Qa3 Qc7) 14. Nxg7 ({RR} 14. Bg5 f6 15. exf6 gxf6 16. Bxf6 ({RR} 16. Nxf6 Rf8 17. O-O-O Bb4) 16... Rf8 ({RR} 16... Nxf6 17. Nxf6 Bxc2 18. Rc1 Bg6 19. h5 Be8 20. g5) 17. g5 Bg6 18. Nf4 ({RR} 18. Ng3 Nxf6 19. gxf6 Bd4) 18... Nxf6 19. Nxg6 Ne4) 14... d4 ({RR} 14... Bb4 15. Rh3 d4 16. a3 ({RR} 16. Qxc6+ bxc6 17. a3 Bf8) 16... Bxc3+ ({RR} 16... Bf8 17. Qxf7) 17. bxc3 Qc7 18. Bf4 ({RR} 18. Qf4 d3) ({RR} 18. Bg5 d3) 18... d3 ({RR} 18... Ne7 19. Rd1) 19. Rd1 dxc2 20. Rxd8+ Qxd8) 15. Qxc6+ bxc6 16. Na4 ({RR} 16. Bg5 dxc3 17. Bxd8 cxb2 18. Rb1 Bd4) 16... Bf8 17. Nh5 Bxc2 18. b3 Rd5 19. Bf4 ({RR} 19. f4 Be7 ({RR} 19... Be4 20. Rh3 Bg6 21. Nf6 ({RR} 21. Ng3 f6) 21... Nxf6 22. exf6) 20. Bb2 Nh6 21. g5 Be4 22. Rh3 Nf5 23. Nf6 Bxf6 24. gxf6) 19... Bb4+ 20. Ke2 ({RR} 20. Kf1 d3) 20... d3+ 21. Kf3 d2 22. Rad1 ({RR} 22. Ke2 Rd4) 22... Ne7 ({RR} 22... Bxd1+ 23. Rxd1 Be7 24. Kg3) 23. Nf6 Rd3+ ({RR} 23... Bxd1+ 24. Rxd1) 24. Ke2 Nd5 ({RR} 24... Ng6 25. Bg3 Bxd1+ 26. Rxd1 Rd4 27. h5) 25. Bg5 {1-0 Topalov,V (2745)-Gelfand,B (2710) Candidates Tournament Gp1 2002 (2)} ({RR} 25. Bg3 Nxf6 26. exf6 Rd4 27. f3 Bxd1+ 28. Rxd1) ({RR} 25. Nxd5 Rxd5 ({RR} 25... Bxd1+ 26. Kxd3) 26. Rxd2 Bxd2 27. Bxd2 Rhd8 28. Bg5 ({RR} 28. Be3 Bd1+) 28... Rxe5+ 29. Be3 Red5)) ({RR} 10... Bxc5 11. Bg5 Qb6 12. Qd2 Qxb2 13. Rb1 Qxc2 14. Qxc2 Bxc2 15. Rc1 d4 16. Nd5 exd5 17. Rxc2 Bb4+ 18. Kd1 Nxe5 19. Nxg7+ Kf8 20. Nf5 d3 21. Rb2 Bc3 22. Rxb7 Nxg4 23. Bxd3 Nxf2+ 24. Kc2 Nxh1 25. Kxc3 {½-½ Song,Y (2383)-Xiao,Y (2338) TCh-CHN DivA Standard 2024 (4.4)}) 11. Na4 $146 ({RR} 11. Bg5 f6 12. exf6 gxf6 13. Bd2 Bxc5 14. Bg2 Qc7 15. Bf4 Bd6 16. Bxd6 Qxd6 17. Ng7+ Kd7 18. Nh5 Bg6 19. Ng3 Nge7 20. h5 Bh7 21. O-O Rhg8 22. f4 Rae8 23. Qe1 Rxg4 24. Bh3 Rxg3+ 25. Qxg3 Rg8 {0-1 Lamaze,S (2415)-Eljanov,P (2695) Titled Tue 10th Oct Early 2023 (5)}) ({RR} 11. Bd3 Nxe5 12. Bf4 Nxd3+ 13. cxd3 Bg6 14. d4 Bxh5 15. gxh5 Nf6 16. h6 g6 17. Qd2 Qd7 18. O-O-O Nh5 19. Be3 b6 20. Kb1 Be7 21. Ne2 Qb5 22. Ng3 bxc5 23. Nxh5 gxh5 24. dxc5 Bxc5 25. Qc3 d4 {1-0 Azarov,S (2588)-Hamitevici,V (2483) exe Slovakia Open 2023 (9.2)}) 11... Bg6 12. f4 Bxh5 13. gxh5 Be7 14. Bh3 Bxh4+ 15. Kf1 Nh6 16. Nb6 Rb8 17. c3 Qc7 18. Be3 Bd8 19. Qf3 Qe7 20. Rd1 Bxb6 21. cxb6 a5 22. Rd2 f5 23. Rg1 Rh7 24. Rg6 Ng8 25. c4 d4 26. Bxd4 Rd8 27. Be3 Rxd2 28. Bxd2 Kf7 29. Be3 Qb4 30. Qe2 Nge7 31. Rg5 Nc8 32. Bg2 Nxb6 33. Bxc6 bxc6 34. b3 Rh8 35. Qg2 Rh7 36. Qxc6 Nxc4 37. Qc7+ Ke8 38. Qxc4 Qe7 39. Qc8+ Kf7 40. Bc5 1-0

[Event "45th Olympiad 2024"]
[Site "Budapest HUN"]
[Date "2024.09.14"]
[Round "4.59"]
[Board "2"]
[White "Smith, Shreyas"]
[Black "Espirito Santo, Waldyr"]
[Result "1-0"]
[WhiteElo "2226"]
[BlackElo "1926"]
[PlyCount "87"]
[EventDate "2024.09.11"]
[WhiteTeam "Jamaica"]
[BlackTeam "Sao Tome and Principe"]
[WhiteTeamCountry "JAM"]
[BlackTeamCountry "SAO"]

1. e4 e6 2. d4 d5 3. e5 c5 4. c3 Nc6 5. Nf3 cxd4 6. cxd4 Qb6 7. Nc3 Bd7 8. Be2 Nge7 9. O-O Nf5 10. Na4 Qc7 11. g4 Nfe7 12. Be3 Ng6 ({RR} 12... h5 13. h3 hxg4 14. hxg4 Ng6 15. Rc1 Be7 16. Kg2 O-O-O 17. a3 f6 18. b4 fxe5 19. dxe5 Ngxe5 20. Bf4 Bd6 21. Bxe5 Bxe5 22. b5 Bd6 23. bxc6 Bxc6 24. Bb5 Kb8 25. Bxc6 bxc6 26. Qe2 e5 27. Qa6 {1-0 Xiong,J (2693)-Cremisi,D (2170) Titled Tue 18th Jul Late 2023 (2)}) 13. Rc1 Rc8 14. a3 $146 ({RR} 14. h4 Be7 15. h5 Nh4 16. Nxh4 Bxh4 17. Kg2 Be7 18. a3 f6 19. f4 O-O 20. Nc3 fxe5 21. dxe5 Qd8 22. b4 d4 23. b5 dxe3 24. bxc6 Bxc6+ 25. Kh3 Qxd1 26. Nxd1 Bg2+ 27. Kxg2 Rxc1 28. Kf3 Bxa3 {0-1 Heczko,M (1942)-Incedi,A (2157) Pobeskydy Alpress 16th 2005 (7)}) 14... Qb8 15. b4 Be7 16. Nc5 Bxc5 17. Rxc5 O-O 18. Bd3 Nce7 19. h4 Rxc5 20. bxc5 f5 21. exf6 Rxf6 22. Bg5 Rf7 23. h5 Nf4 24. Bxe7 Rxe7 25. Ne5 Nxd3 26. Qxd3 Qe8 27. Re1 Bb5 28. Qe3 Qf8 29. Qg3 Be8 30. Re3 Qf6 31. Rf3 Qg5 32. Rf4 Rc7 33. Qf3 Qe7 34. Kh2 Qh4+ 35. Kg2 Qe7 36. Kh3 b6 37. c6 b5 38. g5 g6 39. h6 a5 40. Ng4 Rc8 41. Nf6+ Kh8 42. Nxd5 Bxc6 43. Nxe7 Bxf3 44. Nxc8 1-0

[Event "45th Olympiad 2024"]
[Site "Budapest HUN"]
[Date "2024.09.14"]
[Round "4.59"]
[Board "3"]
[White "Nascimento Admilton de Ceita dos Santos"]
[Black "Shaw, Jaden"]
[Result "0-1"]
[WhiteElo "1908"]
[BlackElo "2051"]
[PlyCount "93"]
[EventDate "2024.09.11"]
[WhiteTeam "Sao Tome and Principe"]
[BlackTeam "Jamaica"]
[WhiteTeamCountry "SAO"]
[BlackTeamCountry "JAM"]

1. d4 Nf6 2. Bf4 d5 3. e3 c5 4. c3 Nc6 5. Nd2 Bf5 6. Ngf3 Qb6 7. Qb3 c4 8. Qxb6 axb6 9. Nh4 Bd7 ({RR} 9... Bg6 10. a3 e6 11. h3 b5 12. Rc1 Kd7 13. Be2 Bd6 14. O-O Bxf4 15. exf4 Ne8 16. g3 Nd6 17. Rfe1 f6 18. Nxg6 hxg6 19. h4 Ne7 20. Kg2 Nef5 21. Bd1 Rae8 22. Bc2 Ke7 23. Nf3 Kf7 24. Re2 {1-0 Jumabayev,R (2654)-Arjun,K (2477) PNWCC Online blitz JP 10th 2020 (2)}) ({RR} 9... Bc2 10. Rc1 Bd3 11. Bxd3 cxd3 12. a3 Na5 13. Nhf3 Nc4 14. Nxc4 dxc4 15. Nd2 b5 16. e4 e6 17. f3 Nd7 18. Rb1 Nb6 19. Kf2 Na4 20. Rhc1 Kd7 21. Nf1 Be7 22. b3 Nb2 23. Rxb2 Bxa3 24. Rcb1 {1-0 Rakesh,K (2289)-Aradhya,G (2395) 29th Abu Dhabi Masters 2023 (4.58)}) 10. h3 $146 ({RR} 10. e4 b5 11. f3 h6 12. Nf5 g5 13. Be5 Bxf5 14. Bxf6 exf6 15. exf5 Bd6 16. Be2 Kd7 17. Kf2 Ne7 18. a3 Nxf5 19. Rae1 Rhe8 20. Nf1 Re7 21. g4 Ng7 22. Ng3 Rae8 23. Bd1 Rxe1 24. Rxe1 Rxe1 {0-1 Grimm,P (1995)-Bachstein,D (2095) Regionalliga Nord-Ost 1819 2018 (6.1)}) ({RR} 10. e4 e6 11. e5 Ng8 12. Nhf3 b5 13. Be2 b4 14. O-O Nge7 15. Rfc1 Nf5 16. g4 Nfe7 17. b3 Ng6 18. Be3 bxc3 19. Rxc3 b5 20. bxc4 bxc4 21. Bxc4 Bb4 22. Rc2 dxc4 23. Nxc4 Nge7 24. a3 Nd5 {0-1 Jaskolka,T (2213)-Mitusov,S (2274) Titled Tuesday intern op 15 Mar Early blitz 2022 (11)}) ({RR} 10. e4 e6 11. e5 Nh5 12. Bg3 b5 13. Be2 Nxg3 14. hxg3 b4 15. f4 bxc3 16. bxc3 Ra3 17. Nb1 Ra8 18. g4 Be7 19. Bf3 b5 20. f5 b4 21. fxe6 fxe6 22. Ng6 Rg8 23. Nxe7 Kxe7 24. cxb4 Nxd4 {1-0 Jaskolka,T (2220)-Wiwatanadate,P (2035) Titled Tuesday intern op 30th Mar blitz 2021 (11)}) 10... h6 11. Bc7 b5 12. g4 e6 13. Bg2 b4 14. O-O Be7 15. Nhf3 O-O 16. Ne5 Rfc8 17. Nxc6 Bxc6 18. Bh2 bxc3 19. bxc3 Ra7 20. Rfb1 b5 21. Nf1 Rca8 22. Rb2 Ba3 23. Rc2 b4 24. cxb4 Ba4 25. Re2 c3 26. Bd6 c2 27. Ree1 Bb5 28. Rab1 cxb1=Q 29. Rxb1 Bc4 30. Bc5 Rb7 31. Rd1 Bxa2 32. Rd2 Bc4 33. Rc2 Bd3 34. Rc3 Bxf1 35. Bxf1 Ne4 36. Rc2 Bxb4 37. f3 Nxc5 38. dxc5 Ra5 39. c6 Rc7 40. Bd3 g6 41. Kf2 Bc5 42. Ke2 Rxc6 43. e4 Rc7 44. Rb2 Bd6 45. Rd2 Bf4 46. Rb2 Ra3 47. Rb8+ 0-1

[Event "45th Olympiad 2024"]
[Site "Budapest HUN"]
[Date "2024.09.14"]
[Round "4.59"]
[Board "4"]
[White "McKennis, Darren"]
[Black "Semedo, Adelino"]
[Result "1-0"]
[WhiteElo "1905"]
[BlackElo "1827"]
[PlyCount "107"]
[EventDate "2024.09.11"]
[WhiteTeam "Jamaica"]
[BlackTeam "Sao Tome and Principe"]
[WhiteTeamCountry "JAM"]
[BlackTeamCountry "SAO"]

1. d4 d5 2. c4 c6 3. Nf3 e6 4. Qc2 Bb4+ ({RR} 4... dxc4 5. e4 b5 6. b3 cxb3 7. axb3 Nf6 8. Bd2 Bb7 9. Bd3 a5 10. O-O Be7 11. Nc3 Na6 12. Ne2 Nb4 13. Bxb4 Bxb4 14. Nf4 Rc8 15. Rfd1 h6 16. Bf1 O-O 17. e5 Nd5 18. Nh5 g6 19. Ng3 {0-1 Miroshnichenko,E (2619)-Tregubov,P (2556) Moscow Aeroflot op-A 2006 (1)}) 5. Nbd2 ({RR} 5. Bd2 Bxd2+ 6. Nbxd2 f5 7. e3 Nf6 8. Bd3 Ne4 9. Bxe4 dxe4 10. Ne5 c5 11. Qc3 b6 12. dxc5 bxc5 13. O-O-O Qc7 14. f3 exf3 15. gxf3 Bb7 16. Rhg1 Rg8 17. e4 Na6 18. exf5 O-O-O 19. fxe6 Rde8 {1-0 Stefansson,H (2529)-Steadman,M (2114) 31st World Senior 50+ 2023 (3.16)}) 5... Nd7 $146 ({RR} 5... dxc4 6. Qxc4 a5 7. g3 Nf6 8. Bg2 Nbd7 9. O-O O-O 10. Qc2 a4 11. Nc4 Nb6 12. a3 Be7 13. Nce5 Qd5 14. Rd1 Qb5 15. Bg5 h6 16. Bxf6 Bxf6 17. Rac1 Nd7 18. Nc4 Be7 19. Nfe5 Nf6 20. Nd3 {0-1 Gheorghiu,F (2495)-Rigo,J (2370) Berliner Sommer 02nd 1984 (6)}) ({RR} 5... Nf6 6. a3 Bd6 7. e4 dxe4 8. Nxe4 Nxe4 9. Qxe4 Nd7 10. Bd3 c5 11. O-O cxd4 12. Qxd4 Nf6 13. Rd1 Be7 14. Qf4 Bd7 15. b3 Qb6 16. b4 Ba4 17. Be3 Qd6 18. Bc2 Qc6 19. Ne5 g5 20. Qxg5 {1-0 Fraczek,D (2230)-Maciol,R (2185) POL-ch U18 Krynica 2003 (9)}) ({RR} 5... Nf6 6. a3 Be7 7. g3 O-O 8. Bg2 b6 9. e4 dxe4 10. Nxe4 Nxe4 11. Qxe4 Bb7 12. Ne5 Bf6 13. O-O Bxe5 14. dxe5 Nd7 15. Rd1 Qc7 16. Bf4 Rfc8 17. Rd6 Rab8 18. Rad1 Nf8 19. c5 bxc5 20. Be3 {1-0 Thoma,R (2302)-Kondrak,C (2177) AUT-chT2W 9900 1999 (3)}) 6. a3 Bd6 7. g3 f5 8. b4 Ngf6 9. Bg2 b6 10. cxd5 cxd5 11. Qc6 Qc7 12. Qxa8 b5 13. Bb2 Nb6 14. Rc1 Qxc1+ 15. Bxc1 Nxa8 16. Nb1 Nb6 17. Bf4 Ne4 18. Ne5 Nc4 19. Nxc4 Bxf4 20. Bxe4 fxe4 21. gxf4 bxc4 22. Nc3 Bd7 23. Rg1 Kf7 24. Kd2 a6 25. f5 g6 26. fxe6+ Kxe6 27. Rg5 Bc6 28. Re5+ Kd6 29. a4 Re8 30. b5 axb5 31. axb5 Bd7 32. Rxd5+ Kc7 33. Rc5+ Kb6 34. Rxc4 Bf5 35. Rc5 e3+ 36. fxe3 Ra8 37. e4 Bg4 38. Nd5+ Kb7 39. Nf6 Ra2+ 40. Rc2 Rxc2+ 41. Kxc2 Bxe2 42. Nxh7 Bxb5 43. Kd2 Kc6 44. Ke3 Kd6 45. Kf4 Ke6 46. d5+ Kd6 47. Nf6 Ke7 48. e5 Bd3 49. Ne4 Bc2 50. Nc5 Bf5 51. Kg5 Kd8 52. d6 Ke8 53. Kf6 Kd8 54. e6 1-0

[Event "45th Olympiad 2024"]
[Site "Budapest HUN"]
[Date "2024.09.14"]
[Round "4.60"]
[Board "1"]
[White "Alfaro, William"]
[Black "Hasford, John Kojo"]
[Result "1-0"]
[WhiteElo "2133"]
[BlackElo "1956"]
[PlyCount "49"]
[EventDate "2024.09.11"]
[WhiteTeam "Nicaragua"]
[BlackTeam "Ghana"]
[WhiteTeamCountry "NCA"]
[BlackTeamCountry "GHA"]

1. d4 d6 2. Nf3 Nf6 3. c4 g6 4. g3 Nc6 5. Bg2 Bg7 6. Nc3 O-O 7. O-O a6 8. Bf4 h6 9. h3 ({RR} 9. Qc1 Kh7 10. Rd1 Bf5 11. h3 g5 12. g4 Bg6 13. Bg3 e6 14. d5 exd5 15. cxd5 Ne7 16. Nd4 Nd7 17. h4 gxh4 18. Bxh4 Ne5 19. Nf5 f6 20. Nxg7 Kxg7 21. Qf4 Qd7 22. Rd4 f5 23. g5 h5 {1-0 Cheparinov,I (2681)-Mamedov,N (2624) TUR-chT Kocaeli 2014 (2.3)}) 9... Bd7 ({RR} 9... g5 10. Be3 Bf5 11. Rc1 Rb8 12. d5 Na5 13. Nd4 Bd7 14. b3 c5 15. dxc6 bxc6 16. Qd3 Qc8 17. Kh2 c5 18. Nc2 Bf5 19. Qd2 Nc6 20. Nd5 Nxd5 21. Qxd5 Bxc2 22. Qxc6 Qxc6 23. Bxc6 Bg6 24. Bf3 {0-1 Novosel,L (2336)-Kevlishvili,R (2551) Titled Tue 3rd Sep Early 2024 (1)}) 10. Rc1 Re8 $146 ({RR} 10... Nh5 11. Be3 e5 12. Qd2 Kh7 13. Rfd1 exd4 14. Nxd4 Re8 15. Nd5 Nf6 16. Nxf6+ Qxf6 17. Nxc6 Bxc6 {½-½ Jurek,J (2274)-Burnett,A (2209) Olomouc IM-B 20th 2017 (3)}) ({RR} 10... Rb8 11. d5 Na5 12. b3 c5 13. dxc6 Nxc6 14. Qd2 g5 15. Be3 b5 16. cxb5 axb5 17. h4 b4 18. Na4 g4 19. Ne1 Ne5 20. Bxh6 Bxh6 21. Qxh6 Bb5 22. Qd2 Qa5 23. Nc2 Bxa4 24. bxa4 Ng6 25. Nd4 {1-0 Annaberdiev,M (2485)-Lagunow,R (2348) Warsaw Najdorf Memorial op-A 15th 2017 (6)}) ({RR} 10... Rb8 11. d5 Na5 12. c5 g5 13. Bd2 Nc4 14. cxd6 exd6 15. b3 Nxd2 16. Qxd2 Re8 17. h4 g4 18. Nd4 Qe7 19. e3 Rbc8 20. Rc2 Qe5 21. Rfc1 c5 22. Nde2 Bf5 23. Rb2 Ne4 24. Nxe4 Qxb2 25. Qxb2 {0-1 Aradhya,G (2344)-Mladek,R (2369) Titled Tue 5th Sep Late 2023 (11)}) 11. d5 Nb8 12. Qd2 Kh7 13. g4 c5 14. e4 b5 15. e5 b4 16. exf6 bxc3 17. bxc3 exf6 18. Rfe1 Bf8 19. Qb2 Ra7 20. Rb1 Bxg4 21. Rxe8 Qxe8 22. Qxb8 Qxb8 23. Rxb8 Bxf3 24. Rxf8 Bxg2 25. Kxg2 1-0

[Event "45th Olympiad 2024"]
[Site "Budapest HUN"]
[Date "2024.09.14"]
[Round "4.60"]
[Board "2"]
[White "Anquandah, Francis Eric"]
[Black "Rocha, Maximiliano"]
[Result "1/2-1/2"]
[WhiteElo "1941"]
[BlackElo "2156"]
[PlyCount "104"]
[EventDate "2024.09.11"]
[WhiteTeam "Ghana"]
[BlackTeam "Nicaragua"]
[WhiteTeamCountry "GHA"]
[BlackTeamCountry "NCA"]

1. e4 e5 2. Nf3 Nc6 3. Bc4 d6 4. h3 Be7 5. d4 exd4 6. Nxd4 Nf6 7. Nc3 O-O 8. O-O Re8 9. Nxc6 bxc6 10. Qd3 $146 ({RR} 10. f4 Bf8 11. e5 Nd7 12. Qf3 dxe5 13. Qxc6 Nb6 14. Bd3 Rb8 15. Qf3 Bb7 16. Be4 Bxe4 17. Qxe4 Qd4+ 18. Qxd4 exd4 19. Nb5 c5 20. Nxa7 Re2 21. Rf2 Re1+ 22. Rf1 Re2 23. Rf2 Rbe8 24. b3 c4 {0-1 Zorko,J-Beckemeier,W (2380) Berliner Sommer 06th 1988 (5)}) ({RR} 10. Qf3 Bf8 11. Bf4 Be6 12. Bb3 Nd7 13. Ba4 Rb8 14. Bxc6 Rxb2 15. Rab1 Rb6 16. Rxb6 axb6 17. Nd5 Bxd5 18. Bxd5 Qf6 19. Rb1 Nc5 20. Be3 Qg6 21. h4 h5 22. Bxc5 dxc5 23. g3 Be7 24. e5 Bxh4 {0-1 Volokitin,A (2681)-Sadhwani,R (2616) Chess.com Rapid Wk2 Swiss 2022 (5)}) ({RR} 10. Qf3 Bd7 11. b3 Qc8 12. Bb2 Be6 13. Bd3 Nd7 14. Qg3 Bf6 15. f4 Bd4+ 16. Kh1 f6 17. Qh4 Nc5 18. Rad1 Bf7 19. Rfe1 Qb7 20. Na4 Nxd3 21. Rxd3 Bxb2 22. Nxb2 Re7 23. Rg3 Kh8 24. e5 Rae8 {1-0 Spielmann,R-Jacobsen,E Schultz Memorial 1919 (12)}) ({RR} 10. Qf3 Be6 11. e5 Bxc4 12. exf6 Bxf1 13. fxe7 Qxe7 14. b3 Ba6 15. Qxc6 Qe1+ 16. Kh2 Bb7 {0-1 Jacobsen,E-Reti,R Schultz Memorial 1919 (15)}) 10... Be6 11. Bxe6 fxe6 12. f4 Qd7 13. b3 Rf8 14. Ne2 c5 15. Bb2 Rab8 16. Rad1 Qc6 17. Bxf6 Bxf6 18. c4 a5 19. Qf3 a4 20. Rd3 axb3 21. axb3 Rb6 22. e5 Qxf3 23. Rdxf3 Be7 24. Rd3 Rfb8 25. Rff3 Rd8 26. Kf2 d5 27. cxd5 exd5 28. f5 c6 29. Nf4 Re8 30. Kg3 Rb4 31. Ne6 c4 32. bxc4 Rxc4 33. Rc3 Re4 34. Rfe3 Rxe3+ 35. Rxe3 c5 36. Kf4 Kf7 37. Rc3 Rc8 38. g4 h6 39. h4 c4 40. g5 hxg5+ 41. hxg5 g6 42. Nd4 gxf5 43. Kxf5 Bc5 44. g6+ Ke7 45. Ne6 Bb4 46. Rc2 c3 47. Nf4 Rf8+ 48. Kg5 Rd8 49. Kh6 d4 50. g7 d3 51. Nxd3 Rxd3 52. Rg2 c2 1/2-1/2

[Event "45th Olympiad 2024"]
[Site "Budapest HUN"]
[Date "2024.09.14"]
[Round "4.61"]
[Board "1"]
[White "Yahi, Mohamed Salem"]
[Black "Juarez Flores, Carlos A."]
[Result "0-1"]
[WhiteElo "1868"]
[BlackElo "2308"]
[PlyCount "100"]
[EventDate "2024.09.11"]
[WhiteTeam "Mauritania"]
[BlackTeam "Guatemala"]
[WhiteTeamCountry "MAU"]
[BlackTeamCountry "GUA"]

1. e4 c6 2. Nf3 d5 3. e5 e6 4. d4 c5 5. c3 Nc6 6. Bd3 f6 $146 ({RR} 6... b6 7. O-O Bd7 8. Be3 c4 9. Bc2 b5 10. a3 a5 11. Nbd2 a4 12. Ng5 g6 13. Qf3 Qe7 14. Qg3 Bg7 15. Rfe1 h6 16. Nxf7 Kxf7 17. Bxg6+ Kf8 18. Qf3+ Nf6 19. exf6 Qxf6 20. Qxf6+ Bxf6 21. Bf4 {1-0 Bosse,V (1822)-Enders,E (1675) MVS-ch Bad Soden Salmuenster 1999 (7)}) ({RR} 6... Qb6 7. O-O cxd4 8. cxd4 Bd7 9. Nc3 a6 10. Na4 Qa7 11. Be3 Nh6 12. Rc1 Nf5 13. Nc5 Nxe3 14. fxe3 Bxc5 15. Rxc5 O-O-O 16. Ng5 Be8 17. Nxf7 Bxf7 18. Rxf7 Rd7 19. Qf3 Qb6 20. Rxd7 Kxd7 21. Qf7+ {½-½ Swiercz,D (2646)-Suleymanli,S (2260) Titled Tue 15th Nov Late 2022 (4)}) ({RR} 6... Qb6 7. O-O Bd7 8. Re1 Nge7 9. a3 c4 10. Bc2 Ng6 11. b3 cxb3 12. Bxb3 Na5 13. Ba4 Bxa4 14. Qxa4+ Nc6 15. Nbd2 Be7 16. Rb1 Qc7 17. c4 Nf4 18. cxd5 Nxd5 19. Ne4 O-O 20. Bg5 Bxg5 21. Nexg5 {1-0 Alboredo,J (2178)-February,J (2011) Abu Dhabi Masters Online 2024 (2)}) ({RR} 6... Qb6 7. O-O Bd7 8. dxc5 Bxc5 9. Nbd2 f6 10. b4 Be7 11. Nb3 fxe5 12. b5 e4 13. bxc6 Qxc6 14. Nfd4 Qxc3 15. Be2 Nf6 16. Bd2 Qc7 17. Rc1 Qd8 18. Bf4 O-O 19. Be5 Qe8 20. Rc3 a6 21. Rg3 {1-0 Albareda,M-Pomar Salamanca,A ESP-ch Candidats 1943}) ({RR} 6... Qb6 7. O-O Bd7 8. dxc5 Bxc5 9. b4 Be7 10. b5 Na5 11. Nd4 Bc5 12. Qg4 g6 13. Be3 Ne7 14. Qg5 Nf5 15. Nd2 Nxd4 16. cxd4 Bxd4 17. Qf6 Rg8 18. Bg5 Bc5 19. Rfc1 Bf8 20. Nf3 h6 21. Be3 {1-0 De Agustin,M-Ingelmo Iglesias,A Madrid Gran Torneo 1943 (10)}) 7. a3 fxe5 8. dxe5 g6 9. O-O Bg7 10. Qe2 Nge7 11. Bg5 O-O 12. Nbd2 c4 13. Bc2 Qc7 14. Rfe1 Nf5 15. g4 Nh6 16. h3 Nf7 17. Bf4 Bd7 18. Rad1 b5 19. Bb1 a5 20. h4 Nh6 21. Bxh6 Bxh6 22. g5 Bg7 23. Nf1 Rf4 24. h5 Raf8 25. N1h2 Be8 26. h6 Bh8 27. Rd2 Qf7 28. Kg2 b4 29. axb4 axb4 30. Qe3 Qe7 31. Rde2 Bd7 32. Rg1 Qf7 33. Rge1 Bc8 34. Ng1 Nxe5 35. Nh3 Nf3 36. Nxf4 Nxe1+ 37. Rxe1 Qxf4 38. Qxf4 Rxf4 39. Kg3 Rf7 40. f4 bxc3 41. bxc3 Bxc3 42. Rf1 e5 43. Rd1 Rxf4 44. Rxd5 Be1+ 45. Kg2 Bb7 46. Be4 Bxd5 47. Bxd5+ Kf8 48. Nf3 Bc3 49. Kg3 Bb2 50. Nd2 c3 0-1

[Event "45th Olympiad 2024"]
[Site "Budapest HUN"]
[Date "2024.09.14"]
[Round "4.61"]
[Board "2"]
[White "Giron Chavez, David Emanuel"]
[Black "Abdellahi Khaled Abdellahi"]
[Result "1-0"]
[WhiteElo "2065"]
[BlackElo "1894"]
[PlyCount "141"]
[EventDate "2024.09.11"]
[WhiteTeam "Guatemala"]
[BlackTeam "Mauritania"]
[WhiteTeamCountry "GUA"]
[BlackTeamCountry "MAU"]

1. e4 c5 2. c3 Nf6 3. e5 Nd5 4. d4 cxd4 5. Nf3 Nc6 6. Bc4 Nb6 7. Bb3 d6 8. exd6 Qxd6 9. O-O Be6 10. Bxe6 Qxe6 11. cxd4 Qd7 ({RR} 11... g6 12. Nc3 Rd8 13. Nb5 Nd5 14. Qb3 Bg7 {0-1 Dhairya Amit Shroff (1459)-Eugen Mehul Shah (1744) 61st World Juniors 2024 (10.57)}) 12. Nc3 Rd8 ({RR} 12... e6 13. Bg5 h6 14. Bh4 Bb4 15. Qb3 O-O 16. Rfd1 Bxc3 17. bxc3 Rac8 18. a4 Qd5 19. Qxd5 exd5 20. a5 Nc4 21. a6 b6 22. Bg3 f6 23. Ne1 Kf7 24. Nd3 g5 25. h4 Rfe8 26. Re1 Rxe1+ 27. Rxe1 {½-½ Potapov,P (2516)-Mamedov,R (2703) Wch Rapid St Petersburg 2018 (1)}) 13. Bf4 $146 ({RR} 13. Be3 e6 14. Ne5 Nxe5 15. dxe5 Nc4 16. Bxa7 Qc6 17. Qa4 Nxb2 18. Qxc6+ bxc6 19. a4 Bb4 20. Ne4 O-O 21. a5 Ra8 22. Bc5 Rfb8 23. Bd6 Rb5 24. a6 Nc4 25. Rfc1 Nxd6 26. Nxd6 Rxe5 27. Rxc6 g6 {1-0 Nozdrachev,L (2372)-Samadov,R (2332) Titled Tuesday intern op 23rd Feb blitz 2021 (4)}) ({RR} 13. Qb3 e6 14. Be3 Be7 15. Ne5 Qc8 16. Rac1 O-O 17. Nb5 Qa8 18. Nc7 Qb8 19. Nxc6 bxc6 20. Rxc6 Bd6 21. Rfc1 Rd7 22. Na6 Bxh2+ 23. Kh1 Qb7 24. Kxh2 Qxa6 25. d5 Rxd5 26. Bxb6 axb6 27. Rxb6 Qe2 {0-1 Faisal,A (2275)-Kasmiran (2346) Asia Cities-ch 17th 2011 (4.4)}) ({RR} 13. Qe2 e6 14. Be3 Nd5 15. Ne4 Be7 16. Rac1 O-O 17. a3 a5 18. Rc2 Rc8 19. Rfc1 Na7 20. Ne5 Qa4 21. g3 Rxc2 22. Rxc2 Rc8 23. Rxc8+ Nxc8 24. Qh5 g6 25. Qf3 Qe8 26. h4 Nd6 27. Ng4 Nxe4 {½-½ Zimmermann,D-Koehler,M (2181) Sueder Sommer op 11th 2000 (7)}) 13... e6 14. Qb3 Bd6 15. Bxd6 Qxd6 16. Nb5 Qb8 17. Rfe1 O-O 18. Rad1 a6 19. Nc3 Nd5 20. Ne5 Qc7 21. Nc4 b5 22. Ne3 Nce7 23. Ne4 Qa7 24. a4 bxa4 25. Qxa4 Rb8 26. Qa3 Qb6 27. Rd2 Rfd8 28. Red1 h6 29. h3 a5 30. Nc4 Qb4 31. Nxa5 Qxa3 32. bxa3 Ra8 33. Nc4 Ra4 34. Rc1 Nf4 35. Nc5 Ra7 36. Kh2 Nf5 37. Rcd1 Nd6 38. Nxd6 Rxd6 39. a4 Nd5 40. Rb1 Nc7 41. Rb7 Rxb7 42. Nxb7 Rb6 43. Nc5 Na6 44. Rc2 Rc6 45. f4 f6 46. Rc1 e5 47. fxe5 fxe5 48. Nd3 Rxc1 49. Nxc1 exd4 50. Ne2 d3 51. Nc3 Kf7 52. Kg3 Ke6 53. Kf3 Ke5 54. Ke3 Nb4 55. a5 Kd6 56. Ne4+ Kd5 57. Nf2 Kc4 58. Nxd3 Nc6 59. a6 Kb5 60. Ke4 Kxa6 61. Kf5 Ne7+ 62. Ke6 Ng6 63. g3 Nh8 64. h4 Kb5 65. h5 g6 66. g4 gxh5 67. gxh5 Kc6 68. Ne5+ Kc7 69. Ng6 Kd8 70. Nxh8 Ke8 71. Ng6 1-0